Stati per percentuale di Famiglie con Armi da fuoco - Statistics

Statistiche generali
  • Questo quiz è stato fatto 19 volte
  • Il punteggio medio è 7 su 10
Statistiche sulle risposte
Famiglie con armi da fuoco (%) Continente Nazione % Corretto
42,0 America del Nord Stati Uniti
100%
16,6 Oceania Nuova Zelanda
72%
20,6 Europa Grecia
67%
18,3 Europa Portogallo
67%
28,6 Europa Svizzera
67%
16,1 Europa Francia
61%
23,5 Europa Islanda
61%
26,1 Europa Norvegia
61%
34,0 Europa Bosnia ed Erzegovina
56%
37,9 Europa Finlandia
56%
Nessun quiz corrispondente trovato
Distribuzione punteggi
Percentuale di utenti per punteggio
Percentile per numero di risposta
I tuoi punteggi nel tempo
Non hai fatto questo quiz